Thăng Long - Hà Nội, Tuyển tập công trình nghiên cứu văn hóa :

Cuốn sách tập hợp, tuyển chọn những bài viết tiêu biểu về văn hóa Thăng Long - Hà Nội trong suốt gần 1000 năm lịch sử. Với những bài viết tiêu biểu về văn hóa của mảnh đất ngàn năm văn vật, cuốn sách sẽ tái hiện lại bức tranh văn ho...

Ausführliche Beschreibung

Gespeichert in:
Bibliographische Detailangaben
Format: Buch
Sprache:Undetermined
Veröffentlicht: Hà Nội Nxb Hà Nội 2010
Schlagworte:
Tags: Tag hinzufügen
Keine Tags, Fügen Sie den ersten Tag hinzu!
Thư viện lưu trữ: Trung tâm Học liệu Trường Đại học Cần Thơ
LEADER 01546nam a2200193Ia 4500
001 CTU_164503
008 210402s9999 xx 000 0 und d
082 |a 959.731 
082 |b Th116 
245 0 |a Thăng Long - Hà Nội, Tuyển tập công trình nghiên cứu văn hóa : 
245 0 |c Tuyển chọn và giới thiệu: Nguyễn Hải Kế (chủ trì), Đỗ Thị Phương Thảo, Nguyễn Thị Hoài Phương 
260 |a Hà Nội 
260 |b Nxb Hà Nội 
260 |c 2010 
520 |a Cuốn sách tập hợp, tuyển chọn những bài viết tiêu biểu về văn hóa Thăng Long - Hà Nội trong suốt gần 1000 năm lịch sử. Với những bài viết tiêu biểu về văn hóa của mảnh đất ngàn năm văn vật, cuốn sách sẽ tái hiện lại bức tranh văn hóa của Thăng Long xưa, của Hà Nội nay trên nhiều phương diện: từ môi trường sinh thái, cảnh quan, những vấn đề về đời sống vật chất như cách thức ăn, mặc, ở, đi lại đến những vấn đề về đời sống tinh thần như: tôn giáo, tín ngưỡng, lễ hội, tiếp xúc giao lưu văn hóa và về người Hà Nội. 
650 |a Hà Nội (Việt Nam) 
650 |x Nền văn minh 
904 |i Năm 
980 |a Trung tâm Học liệu Trường Đại học Cần Thơ